ڿϢ

索取号 
O1-6/1
题名 
ѧѧ
作者 
ѧͳƽѧָίԱ Ϸʹҵѧ
分册号 
分册名 
出版地 
Ϸ
出版者 
־
标准刊号 
1672-1454
出版频率 
˫¿
中图法分类 
O1-6
主题词 
ѧ
电子资源 
000 01487nas0 2200373 450
001 2020703
005 20100415141947.39
011    @a1672-1454@dCNY20.00
091    @aCN@b34-1221
092    @aCN@b71390
100    @a20060721d2006 em y0chiy0110 ea
101 @achi
102    @aCN@b340000
110    @aa z 0yy0
200 @aѧѧ@dCollege mathematics@zeng@fѧͳƽѧָίԱ Ϸʹҵѧ@FJiao Yu Bu Shu Xue Yu Tong Ji Jiao Xue Zhi Dao Wei Yuan Hui He Fei Gong Ye Da Xue@Ada xue shu xue
207  0 @aVol.22,no.2(2006,4)- = 121-
210    @@bϷϪ·193@@d2006
215    @@d30cm
314    @aѧͳѧѧָίԱ ߵȽ Ϸʹҵѧ
315    @a1984괴
326    @a˫¿
327 @aѧӦ@aѧĸ@aѧο@aѧģ@aѧʵ@aѧʷ
345    @a༭ַ:ϷϪ·193
510 @aCollege mathematics@zeng
606 @
610 @aߵѧ@Agao deng shu xue
690    @aO1-6@v4
701  0 @@Asu hua ming@4
711 02 @aѧͳѧѧָίԱ@Ajiao yu bu shu xue yu tong ji xue jiao xue zhi dao wei yuan hui@4
711 02 @aߵȽ@Agao deng jiao yu chu ban she@4
711 02 @aϷʹҵѧ@Ahe fei gong ye da xue@4
711 02 @aѧͳƽѧָίԱ Ϸʹҵѧ@AJiao Yu Bu Shu Xue Yu Tong Ji Jiao Xue Zhi Dao Wei Yuan Hui He Fei Gong Ye Da Xue
801  0 @aCN@bHTHJ@c20100415
905    @dO1-6@e1
    
    ѧѧ=College mathematics/ѧͳƽѧָίԱ Ϸʹҵѧ.-Vol.22,no.2(2006,4)- = 121-.-Ϸ(ϷϪ·193)־磬2006
    ͼ30cm
    ༭ַ:ϷϪ·193!Tַ*
    ݣѧӦãѧĸѧοѧģѧʵ飻ѧʷ
    ISSN 1672-1454CNY20.00
    
相关链接: 在中国知网中查询期刊 在万方数据查询期刊 在维普查询期刊